000 00467nam a22001697a 4500
005 20230821120045.0
008 230818b |||||||| |||| 00| 0 eng d
020 _a978-0-19-874937-0
041 _aeng
082 _a611 KOS-C
100 _aKOSHI, DR. RECHEL
_98146
245 _aCUNNINGHAM'S MANUAL OF PRACTICAL ANATOMY:THORAX AND ABDOMEN [VOL-2]
250 _a16TH, ED. 2017
260 _aU.K
_bOXFORD UNIVERSITY PRESS
_c2017
650 _aBPT
_98147
942 _cBK
999 _c8404
_d8402